| 000 | 00000nam##2200000za#4500 |
| 001 | 9.642027 |
| 003 | CaOODSP |
| 005 | 20210624223509 |
| 007 | cr ||||||||||| |
| 008 | 150407|2000||||xxc|||||o f|0| 0 fre|d |
| 040 | |aCaOODSP|bfre |
| 043 | |an-cn--- |
| 086 | 1 |aSW21-57/2000F-PDF |
| 110 | 1 |aCanada. |bCondition féminine Canada. |
| 245 | 10|aLes Canadiennes initiatrices de changements! : |h[ressource électronique]|bJournée internationale de la femme - 8 mars 2000 |
| 260 | |aOttawa - Ontario : |bCondition féminine Canada |c2000. |
| 300 | |a1, 1, 4, 2, 3, 3, 2p.|bréférences |
| 590 | |a13-15-Supp|b2013-06-24 |
| 691 | 07|aCondition de la femme|2gcpds |
| 691 | 07|aFemme|2gcpds |
| 691 | 07|aMouvement social|2gcpds |
| 775 | 08|tCanadian women taking action to make a difference! : |w(CaOODSP)9.698030 |
| 776 | 0#|tCanadian women taking action to make a difference! : |w(CaOODSP)9.662019 |
| 776 | 0#|tLes canadiennes initiatrices de changements! : |w(CaOODSP)9.662020 |
| 856 | 40|ahttp://publications.gc.ca|qPDF|s43 Ko|uhttps://publications.gc.ca/collections/Collection/SW21-57-2000-3F.pdf |
| 856 | 40|ahttp://publications.gc.ca|qPDF|s23 Ko|uhttps://publications.gc.ca/collections/Collection/SW21-57-2000-7F.pdf |
| 856 | 40|ahttp://publications.gc.ca|qPDF|s37 Ko|uhttps://publications.gc.ca/collections/Collection/SW21-57-2000-6F.pdf |
| 856 | 40|ahttp://publications.gc.ca|qPDF|s33 Ko|uhttps://publications.gc.ca/collections/Collection/SW21-57-2000-4F.pdf |
| 856 | 40|ahttp://publications.gc.ca|qPDF|s40 Ko|uhttps://publications.gc.ca/collections/Collection/SW21-57-2000-1F.pdf |
| 856 | 40|ahttp://publications.gc.ca|qPDF|s26 Ko|uhttps://publications.gc.ca/collections/Collection/SW21-57-2000-5F.pdf |
| 856 | 40|ahttp://publications.gc.ca|qPDF|s21 Ko|uhttps://publications.gc.ca/collections/Collection/SW21-57-2000-2F.pdf |